Scientia Iuventa 2015 zborník príspevkov z medzinárodnej doktorandskej konferencie : 23. apríl 2015 Banská Bystrica
Salvato in:
| Enti autori: | , , |
|---|---|
| Altri autori: | , , , , |
| Natura: | Libro |
| Lingua: | slovacco inglese |
| Pubblicazione: |
Banská Bystrica
Belianum
2015
|
| Soggetti: | |
| Tags: |
Nessun Tag, puoi essere il primo ad aggiungerne!!
|
MARC
| LEADER | 00000nlm$a2200000$$$4500 | ||
|---|---|---|---|
| 001 | 0204360 | ||
| 005 | 20250814093725.5 | ||
| 020 | |a 978-80-557-0858-4 | ||
| 041 | 0 | |a slo | |
| 041 | 0 | |a eng | |
| 044 | |a SK | ||
| 245 | 1 | 0 | |a Scientia Iuventa 2015 |b zborník príspevkov z medzinárodnej doktorandskej konferencie : 23. apríl 2015 Banská Bystrica |c editori: Peter Hronček, Lukáš Smerek, Katarína Dubcová |
| 264 | 1 | |a Banská Bystrica |b Belianum |c 2015 | |
| 300 | |a CD-ROM [634 s.] | ||
| 610 | 2 | 0 | |a ruch cestovný |
| 610 | 2 | 0 | |a rozvoj regionálny |
| 610 | 2 | 0 | |a ekonomika verejná |
| 610 | 2 | 0 | |a služby |
| 610 | 2 | 0 | |a hospodárstvo podnikové |
| 610 | 2 | 0 | |a riadenie podnikové |
| 700 | 1 | |a Hronček, Peter | |
| 700 | 1 | |a Smerek, Lukáš | |
| 700 | 1 | |a Dubcová, Katarína | |
| 700 | 1 | |a Ďaďo, Jaroslav | |
| 700 | 1 | |a Gúčik, Marián | |
| 110 | 2 | |a Scientia Iuventa 2015. Medzinárodná doktorandská konferencia | |
| 710 | 2 | |a Univerzita Mateja Bela v Banskej Bystrici. Ekonomická fakulta | |
| 710 | 2 | |a Ekonomická fakulta UMB v Banskej Bystrici. Centrum rozvoja doktorandov | |